Представление документа в формате MARC21

ПолеНазваниеЗначение
  Тип записи a
  Библиографический уровень m
001 Контрольный номер RU/URAIT/585725
005 Дата корректировки 20260429163620.1
008 Кодируемые данные 260429s2026 RU y f j 000 0 rus u
020 Индекс ISBN __
a ISBN 978-5-534-05545-0
c Цена, тираж 1049.00
040 Источник каталогиз. __
a Служба первич. каталог. ИКО Юрайт
c Служба, преобразующая запись ИКО Юрайт
e Правила каталог. RCR
041 Код языка издания __
a Код языка текста rus
044 Код страны публикации __
a Код страны публикации RU
080 Индекс УДК __
a Индекс УДК 004.9(075.8)
084 Индекс другой классификации/Индекс ББК __
2 Источник индекса rubbk
a Индекс другой классификации/Индекс ББК 32.973я73
100 Автор __
a Автор Рыжко А. Л.
q Полное имя Рыжко Андрей Леонидович
245 Заглавие __
a Заглавие Экономика информационных систем
b Продолж. заглавия учебник для вузов
c Ответственность А. Л. Рыжко, Н. А. Рыжко, Н. М. Лобанова, Е. О. Кучинская.
250 Сведения об издании __
g испр. и доп
a Основные сведения об издании 2-е изд.
256 Характеристики компьютерного файла __
a Характеристики компьютерного файла Электрон. дан.
260 Выходные данные __
a Место издания Москва
b Издательство Юрайт
c Дата издания 2026
300 Физическое описание __
a Объем 176 с
440 Серия __
a Серия Высшее образование
500 Примечания __
a Примечание URL: https://urait.ru/bcode/585725 (дата обращения: 29.04.2026).
520 Аннотация __
a Аннотация Учебное пособие посвящено экономике информационных систем. В нем дана терминология экономики информационных систем и ее базовые понятия, рассмотрены методы определения затрат в контексте жизненного цикла информационных систем, изложены вопросы финансирования проектов и экономической эффективности информационных систем. Книга дополнена приложениями, которые помогут студентам освоить материалы учебного пособия.
538 Прим. о системных особенностях __
a Прим. о системных особенностях Режим доступа: Электронно-библиотечная система Юрайт, для авториз. пользователей
653 Ключевые слова __
a Ключевые слова Экономика в отдельных отраслях
653 Ключевые слова __
a Ключевые слова Экономические науки
653 Ключевые слова __
a Ключевые слова Экономика отрасли
653 Ключевые слова __
a Ключевые слова Информационные системы
653 Ключевые слова __
a Ключевые слова Экономика информационного бизнеса и информационных систем
653 Ключевые слова __
a Ключевые слова Экономика и организация производства
653 Ключевые слова __
a Ключевые слова Информационные сети и системы
653 Ключевые слова __
a Ключевые слова Экономика отрасли инфокоммуникаций
653 Ключевые слова __
a Ключевые слова Экономика предприятий и организация производства
653 Ключевые слова __
a Ключевые слова Экономика отраслей социальной сферы и науки
653 Ключевые слова __
a Ключевые слова Экономика и консалтинг в разработке программно-информационных систем
653 Ключевые слова __
a Ключевые слова Основы информационных систем
653 Ключевые слова __
a Ключевые слова Экономическое обоснование проектов
653 Ключевые слова __
a Ключевые слова Инвестиционный менеджмент в сфере инфокоммуникаций
653 Ключевые слова __
a Ключевые слова Финансовый менеджмент в сфере инфокоммуникаций
653 Ключевые слова __
a Ключевые слова Экономика организации в сфере инфокоммуникаций
653 Ключевые слова __
a Ключевые слова Экономика труда в организациях сферы инфокоммуникаций
653 Ключевые слова __
a Ключевые слова Комплексная оценка экономического эффекта при разработке АИС
653 Ключевые слова __
a Ключевые слова Экономика инноваций и инвестиций в инфокоммуникациях
653 Ключевые слова __
a Ключевые слова Экономика инфокоммуникаций и рынки инфокоммуникационных услуг
653 Ключевые слова __
a Ключевые слова Экономика инфокоммуникаций
653 Ключевые слова __
a Ключевые слова Экономика инфокоммуникаций и отраслевые рынки
653 Ключевые слова __
a Ключевые слова Основы экономики отрасли
653 Ключевые слова __
a Ключевые слова Бизнес-процессы в инфокоммуникациях
653 Ключевые слова __
a Ключевые слова Экономика информационных систем
653 Ключевые слова __
a Ключевые слова Бюджетирование в организациях сферы инфокоммуникаций
653 Ключевые слова __
a Ключевые слова Финансы организаций в сфере инфокоммуникаций
653 Ключевые слова __
a Ключевые слова Экономика информационного производства
653 Ключевые слова __
a Ключевые слова Экономика сферы инфокоммуникаций
653 Ключевые слова __
a Ключевые слова Экономика информационной отрасли
700 Другие авторы __
a Другие авторы Рыжко Н. А.
q Полное имя Рыжко Наталия Андреевна
700 Другие авторы __
a Другие авторы Лобанова Н. М.
q Полное имя Лобанова Надежда Михайловна
700 Другие авторы __
a Другие авторы Кучинская Е. О.
q Полное имя Кучинская Евгения Олеговна
856 Электронный адрес документа 40
n Местонахождение сервера Юрайт
g Электронная книга
q Тип электронного формата html
h Имя пользователя ЮРАЙТ
v Часы доступа к ресурсу 20271231
2 Способ доступа Показать документ
x Служебное примечание https://urait.ru/book/cover/4C557472-F551-4339-9C26-7947A0828129
u URL https://urait.ru/bcode/585725
856 Электронный адрес документа 48
q Тип электронного формата cover
u URL https://urait.ru/book/cover/4C557472-F551-4339-9C26-7947A0828129
911 __
u 0030=https://urait.ru/bcode/585725
911 __
u 073a=9785534055450
u 073d=1049.00
911 __
u 106a=s
911 __
u 900l=
952 Тип литературы __
i Дисциплина Экономика отрасли
952 Тип литературы __
i Дисциплина Информационные системы
952 Тип литературы __
i Дисциплина Экономика информационного бизнеса и информационных систем
952 Тип литературы __
i Дисциплина Экономика и организация производства
952 Тип литературы __
i Дисциплина Информационные сети и системы
952 Тип литературы __
i Дисциплина Экономика отрасли инфокоммуникаций
952 Тип литературы __
i Дисциплина Экономика предприятий и организация производства
952 Тип литературы __
i Дисциплина Экономика отраслей социальной сферы и науки
952 Тип литературы __
i Дисциплина Экономика и консалтинг в разработке программно-информационных систем
952 Тип литературы __
i Дисциплина Основы информационных систем
952 Тип литературы __
i Дисциплина Экономическое обоснование проектов
952 Тип литературы __
i Дисциплина Инвестиционный менеджмент в сфере инфокоммуникаций
952 Тип литературы __
i Дисциплина Финансовый менеджмент в сфере инфокоммуникаций
952 Тип литературы __
i Дисциплина Экономика организации в сфере инфокоммуникаций
952 Тип литературы __
i Дисциплина Экономика труда в организациях сферы инфокоммуникаций
952 Тип литературы __
i Дисциплина Комплексная оценка экономического эффекта при разработке АИС
952 Тип литературы __
i Дисциплина Экономика инноваций и инвестиций в инфокоммуникациях
952 Тип литературы __
i Дисциплина Экономика инфокоммуникаций и рынки инфокоммуникационных услуг
952 Тип литературы __
i Дисциплина Экономика инфокоммуникаций
952 Тип литературы __
i Дисциплина Экономика инфокоммуникаций и отраслевые рынки
952 Тип литературы __
i Дисциплина Основы экономики отрасли
952 Тип литературы __
i Дисциплина Бизнес-процессы в инфокоммуникациях
952 Тип литературы __
i Дисциплина Экономика информационных систем
952 Тип литературы __
i Дисциплина Бюджетирование в организациях сферы инфокоммуникаций
952 Тип литературы __
i Дисциплина Финансы организаций в сфере инфокоммуникаций
952 Тип литературы __
i Дисциплина Экономика информационного производства
952 Тип литературы __
i Дисциплина Экономика сферы инфокоммуникаций
952 Тип литературы __
i Дисциплина Экономика информационной отрасли